000 00588nam a2200241 a 4500
001 nice12345678
003 IN_TiNIC
005 20260116011728.0
008 050524s1980 boma grp 000 0 eng
020 _a
_c100
082 0 0 _a275.4
_bPIL
100 _aPillai, K V Paul
245 _aPeople for His Name
260 _aBombay
_bGospel Literature Service
_c1980
300 _a524p
500 _aincludes index and biblioraphy
505 2 _aAppendix, bibliography
650 _aChurch-India
700 1 _aPillai, K V Paul
902 _bSRS
942 _cBK
999 _c3566
_d3566